Kanada

Gespeichert in:
Bibliographische Detailangaben
Format: Buch
Sprache:Tschechisch
Veröffentlicht: Praha Svoboda 1970
Schriftenreihe:Zeměmi světa
Tags: Tag hinzufügen
Keine Tags, Fügen Sie das erste Tag hinzu!

MARC

LEADER 00000nam a2200000 4500
001 c122242
005 20250717091037.8
041 0 |a cze 
044 |a CZ 
245 1 0 |a Kanada  |c Bohumír Chochol 
264 1 |a Praha  |b Svoboda  |c 1970 
300 |a 205 s. 
490 1 |a Zeměmi světa 
830 0 |a Zeměmi světa